000 00270nam a2200109Ia 4500
008 180205s9999 xx 000 0 und d
020 _a9780140623321
100 _aShelley, Mark
245 _aFrankenstein /
260 _aUSA :
_bPenguin books
_c1994
300 _a214 pages
999 _c354954
_d354954